[Event "3MCR_4D_2LB_4S"]
[Site "?"]
[Date "1999.??.??"]
[Round "4"]
[White "Chvojka, Jaroslav"]
[Black "Turner, Jan"]
[Result "1/2-1/2"]
[WhiteElo "2065"]
[BlackElo "2200"]
[PlyCount "153"]
[EventDate "1999.??.??"]
[EventType "corr"]

1. d4 e6 2. c4 Bb4+ 3. Nc3 Nf6 4. e3 O-O 5. Bd3 d5 6. a3 Bxc3+ 7. bxc3 c5 8.
cxd5 exd5 9. Nf3 Nc6 10. O-O Re8 11. Rb1 c4 12. Bc2 Qa5 13. Bb2 Bg4 14. h3 Bh5
15. Ba1 Qc7 16. Bf5 Bg6 17. Bxg6 hxg6 18. Ng5 Na5 19. Qa4 Nb3 20. Rfd1 Reb8 21.
Qb5 a6 22. Qb4 a5 23. Qb5 a4 24. Nf3 Rd8 25. Nd2 Rd6 26. Nxb3 axb3 27. Bb2 Rb6
28. Qc5 Qxc5 29. dxc5 Rc6 30. h4 Rxc5 31. Rd4 Nd7 32. e4 Nb6 33. Kf1 dxe4 34.
Rxe4 Na4 35. Ba1 b2 36. Rxb2 Nxb2 37. Bxb2 Rb5 38. Re2 Ra6 39. Rd2 Rab6 40. Bc1
Rb1 41. Rc2 R6b3 42. Ke2 Ra1 43. f3 Rbb1 44. Kd2 Kf8 45. Bb2 Ra2 46. Bc1 Rxc2+
47. Kxc2 Rb6 48. Be3 Rb5 49. g4 f6 50. f4 Kf7 51. Bf2 g5 52. hxg5 fxg5 53. Be3
gxf4 54. Bxf4 Kg6 55. Kd2 Ra5 56. Ke3 Rxa3 57. Be5 b5 58. Kd4 b4 59. cxb4 c3
60. Kd3 c2+ 61. Kxc2 Re3 62. Bd6 Re6 63. Bf8 Kf7 64. Bc5 Rg6 65. Kc3 Rxg4 66.
b5 Ke6 67. b6 Kd7 68. Be3 Kc6 69. Kd3 Rh4 70. Kc3 Re4 71. Kd2 g5 72. Bxg5 Kxb6
73. Kd3 Rg4 74. Be7 Kc6 75. Ke3 Kd5 76. Bd8 Rg8 77. Bc7 1/2-1/2

[Event "3MCR_4D_2LB_4S"]
[Site "?"]
[Date "1999.??.??"]
[Round "4"]
[White "Novak, Vaclav I"]
[Black "Prochazka, David"]
[Result "0-1"]
[WhiteElo "1800"]
[BlackElo "1800"]
[PlyCount "66"]
[EventDate "1999.??.??"]
[EventType "corr"]

1. e4 e5 2. f4 exf4 3. Bc4 Nf6 4. Nc3 c6 5. Bb3 d5 6. exd5 cxd5 7. d4 Bb4 8.
Nf3 O-O 9. O-O Bxc3 10. bxc3 Qc7 11. Qd2 Be6 12. Qxf4 Qxc3 13. Bd2 Qc6 14. Ng5
Nbd7 15. Rac1 b5 16. Ba5 h6 17. Nxe6 fxe6 18. Bb4 Rfe8 19. Ba5 Ne4 20. Qg4 Rf8
21. Ra1 Rf6 22. Rxf6 Ndxf6 23. Qf4 Rc8 24. Rf1 Qa6 25. Be1 Qb6 26. Qe3 Ng4 27.
Qd3 b4 28. Rf4 Ne5 29. Qd1 Nc4 30. Qd3 Nb2 31. Qe3 Nd1 32. Qd3 Ndc3 33. Kh1 a5
0-1

[Event "3MCR_4D_2LB_4S"]
[Site "?"]
[Date "1999.??.??"]
[Round "4"]
[White "Jirk, Ales"]
[Black "Prochazka, David"]
[Result "1-0"]
[WhiteElo "1800"]
[BlackElo "1800"]
[PlyCount "95"]
[EventDate "1999.??.??"]
[EventType "corr"]

1. e4 d6 2. d4 Nf6 3. Nc3 c6 4. f4 Qa5 5. Bd3 e5 6. Nf3 Bg4 7. Be3 exf4 8. Bxf4
Qb6 9. Na4 Qa5+ 10. Nc3 Qb6 11. O-O Bxf3 12. Qxf3 Qxd4+ 13. Be3 Qe5 14. Qf2
Nbd7 15. Bxa7 Nc5 16. Bxc5 dxc5 17. Kh1 Bd6 18. Qh4 Ng4 19. Bc4 f6 20. Be2 Ne3
21. Bh5+ Kd7 22. Rf2 Kc7 23. Re1 Qd4 24. Rfe2 Nc4 25. Nd1 g6 26. b3 Ne5 27. Bf3
Be7 28. c3 Qd3 29. Qf2 Rad8 30. Rc2 h5 31. Ne3 Qd6 32. Be2 Qe6 33. Bc4 Nxc4 34.
Nxc4 b5 35. Na5 Ra8 36. b4 Qe5 37. c4 Rhc8 38. cxb5 cxb5 39. a4 bxa4 40. Nc4
Qd4 41. Qe2 Rd8 42. bxc5 Kc6 43. Nb6 Ra5 44. Nd5 Qe5 45. Qc4 Rb8 46. Nb4+ Rxb4
47. Qxb4 Rxc5 48. Qxa4+ 1-0

[Event "3MCR_4D_2LB_4S"]
[Site "?"]
[Date "1999.??.??"]
[Round "4"]
[White "Jirk, Ales"]
[Black "Dopita, Bedrich"]
[Result "1/2-1/2"]
[WhiteElo "1800"]
[BlackElo "1800"]
[PlyCount "81"]
[EventDate "1999.??.??"]
[EventType "corr"]

1. e4 Nf6 2. e5 Nd5 3. d4 d6 4. Nf3 Bg4 5. Be2 e6 6. O-O Be7 7. c4 Nb6 8. Nc3
O-O 9. Be3 d5 10. c5 Bxf3 11. gxf3 Nc8 12. f4 Nc6 13. f5 exf5 14. Bf3 Bg5 15.
Nxd5 f4 16. Bxf4 Bxf4 17. Nxf4 N8e7 18. Ne2 Qd7 19. Qa4 Rfd8 20. Qb3 Nxd4 21.
Nxd4 Qxd4 22. e6 Qxc5 23. exf7+ Kf8 24. Rad1 Qb6 25. Bxb7 Qxb3 26. axb3 Rxd1
27. Rxd1 Rb8 28. Ba6 Kxf7 29. Rd7 Kf6 30. Bc4 Rb7 31. Kg2 h6 32. h4 Nf5 33.
Rf7+ Ke5 34. h5 Ke4 35. Kh3 Nd6 36. Rxg7 Nxc4 37. bxc4 Rxb2 38. Kg3 Rb8 39. f3+
Kd4 40. Rxc7 Ra8 41. Rh7 1/2-1/2

[Event "3MCR_4D_2LB_4S"]
[Site "?"]
[Date "1999.??.??"]
[Round "4"]
[White "Dopita, Bedrich"]
[Black "Zvolanek, Jan"]
[Result "0-1"]
[WhiteElo "1800"]
[BlackElo "1800"]
[PlyCount "64"]
[EventDate "1999.??.??"]
[EventType "corr"]

1. e4 d6 2. d4 Nf6 3. Nc3 e5 4. Nf3 Nbd7 5. Bc4 Be7 6. O-O O-O 7. Re1 c6 8. a4
b6 9. d5 cxd5 10. Nxd5 Bb7 11. b3 Rc8 12. Re2 Rc5 13. Ba3 Bxd5 14. Bxd5 Nxd5
15. exd5 Rc7 16. Qd2 f5 17. a5 b5 18. a6 Nc5 19. Bb4 Ne4 20. Qe1 Qc8 21. Ra2
Nc3 22. Bxc3 Rxc3 23. Qd1 Qc5 24. Ne1 e4 25. Kh1 Bf6 26. f3 Re8 27. fxe4 fxe4
28. Nf3 Re7 29. Ng1 Re5 30. Rd2 Bg5 31. Re2 Rxd5 32. Qe1 Re3 0-1

[Event "3MCR_4D_2LB_4S"]
[Site "?"]
[Date "1999.??.??"]
[Round "4"]
[White "Turner, Jan"]
[Black "Pech, Jaroslav st"]
[Result "1/2-1/2"]
[WhiteElo "2200"]
[BlackElo "2000"]
[PlyCount "100"]
[EventDate "1999.??.??"]
[EventType "corr"]

1. g3 d5 2. Bg2 c6 3. Nf3 Nf6 4. O-O Bg4 5. d3 e6 6. h3 Bh5 7. Nbd2 Bd6 8. e4
Nbd7 9. Qe1 Qc7 10. b3 O-O 11. Bb2 e5 12. Nh4 Bg6 13. Nxg6 fxg6 14. Qe2 Rae8
15. c4 dxe4 16. dxe4 Bc5 17. Nf3 Qb6 18. Rad1 Re7 19. Rd3 Nxe4 20. Qxe4 Nf6 21.
Qh4 e4 22. Bxf6 gxf6 23. Rd2 exf3 24. Bxf3 Kg7 25. Qf4 Qa5 26. Rfd1 Rfe8 27.
Kg2 Bb4 28. Rc2 a6 29. h4 h5 30. Rd3 Qc5 31. Rc1 g5 32. Qd4 g4 33. Bd1 Qxd4 34.
Rxd4 Bc5 35. Rd3 f5 36. Rc2 Kf6 37. Rdd2 b6 38. Re2 f4 39. gxf4 Kf5 40. Rxe7
Rxe7 41. Re2 Kxf4 42. Rxe7 Bxe7 43. Bc2 Bxh4 44. Bg6 Kg5 45. Be8 c5 46. Bc6 Kh6
47. f3 Kg5 48. fxg4 hxg4 49. Bb7 a5 50. a4 Kf4 1/2-1/2

[Event "3MCR_4D_2LB_4S"]
[Site "?"]
[Date "1999.??.??"]
[Round "4"]
[White "Dopita, Bedrich"]
[Black "Lehovcova, Jana"]
[Result "1-0"]
[WhiteElo "1800"]
[BlackElo "1600"]
[PlyCount "86"]
[EventDate "1999.??.??"]
[EventType "corr"]

1. e4 c5 2. Nf3 d6 3. d4 cxd4 4. Qxd4 Nc6 5. Bb5 Bd7 6. Bxc6 Bxc6 7. c4 Nf6 8.
Nc3 e6 9. O-O Be7 10. b3 h6 11. Bb2 e5 12. Qd3 O-O 13. Rad1 Re8 14. Ne1 Qc7 15.
Nc2 Rad8 16. Ne3 Bf8 17. Rd2 a6 18. Rc1 g6 19. Ncd5 Bxd5 20. Nxd5 Nxd5 21. cxd5
Qa5 22. Rdc2 Be7 23. Bc3 Qa3 24. Bd2 Bf8 25. Qe3 b5 26. Qe1 a5 27. Bxa5 Ra8 28.
Bb4 Qa7 29. a3 Qd4 30. Bc3 Qb6 31. Bb2 Ra7 32. Rc6 Qb7 33. Qe3 f6 34. Rb6 Qd7
35. Rcc6 Rb7 36. Rxb7 Qxb7 37. Qb6 Rb8 38. Qxb7 Rxb7 39. Bc3 Kf7 40. Bb4 Ra7
41. f3 f5 42. Rb6 h5 43. Rxb5 Ra6 1-0